[Event "Titled Tuesday intern op 12th Sep Early"]
[Site "Chess.com INT"]
[Date "2023.09.12"]
[Round "2"]
[White "Mazurkiewicz, Michal"]
[Black "Ivana Maria, Furtado"]
[Result "1-0"]
[WhiteElo "2145"]
[BlackElo "2072"]
[PlyCount "63"]
[EventDate "2023.09.12"]
[EventType "swiss (blitz)"]
[EventRounds "11"]
[EventCountry "USA"]
[SourceTitle "EXT 2024"]
[Source "ChessBase"]
[SourceDate "2023.10.10"]
[SourceVersion "1"]
[SourceVersionDate "2023.10.10"]
[SourceQuality "1"]

1. e4 e6 2. d3 d5 3. Nd2 c5 4. Ngf3 Nc6 5. g3 Nf6 6. Bg2 Be7 7. 0-0 b6 8. Re1 Bb7 9. c3 h5 10. h4 g6 11. Qe2 Qd7 12. a3 0-0-0 13. b4 d4 14. c4 e5 15. b5 Na5 16. Nxe5 Qe8 17. f4 Kb8 18. Rb1 Bd6 19. Ndf3 Qe7 20. Bd2 Nd7 21. Bxa5 bxa5 22. Nc6+ Bxc6 23. bxc6+ Nb6 24. e5 Bc7 25. Qd2 Ka8 26. Ng5 Rhe8 27. Ne4 Qe6 28. Nxc5 Qe7 29. Ne4 Qxa3 30. Nd6 Rf8 31. Nb5 Qe7 32. Qxa5 1-0

[Event "Titled Tuesday intern op 01st Aug Early"]
[Site "Chess.com INT"]
[Date "2023.08.01"]
[Round "1"]
[White "Ivana Maria, Furtado"]
[Black "Goncharov, Vladimir"]
[Result "0-1"]
[WhiteElo "2072"]
[BlackElo "2077"]
[PlyCount "110"]
[EventDate "2023.08.01"]
[EventType "swiss (blitz)"]
[EventRounds "11"]
[EventCountry "USA"]
[SourceTitle "EXT 2024"]
[Source "ChessBase"]
[SourceDate "2023.10.10"]
[SourceVersion "1"]
[SourceVersionDate "2023.10.10"]
[SourceQuality "1"]

1. d4 Nf6 2. c4 e6 3. Nc3 Bb4 4. a3 Bxc3+ 5. bxc3 d6 6. f3 0-0 7. e4 Qe7 8. Bd3 e5 9. Ne2 Nc6 10. Bg5 b6 11. 0-0 h6 12. Bh4 g5 13. Bf2 Nh5 14. g4 Nf4 15. Nxf4 exf4 16. h4 f6 17. Kg2 Kg7 18. Rh1 Ba6 19. Qe2 Rae8 20. hxg5 fxg5 21. Rh5 Rf6 22. Rah1 Qf7 23. c5 Bxd3 24. Qxd3 bxc5 25. dxc5 Ne5 26. Qb5 Re7 27. Qe2 Qb3 28. Bd4 Qxa3 29. cxd6 cxd6 30. Qf2 Rb7 31. c4 Qd3 32. Ra1 Kf7 33. Rah1 Rb3 34. Bxe5 dxe5 35. Rxh6 Qd4 36. Rxf6+ Kxf6 37. Qxd4 exd4 38. Rd1 Ke5 39. c5 Rc3 40. Ra1 d3 41. Rxa7 Kd4 42. Rd7+ Ke3 43. Rd5 d2 44. e5 Rd3 45. Rxd3+ Kxd3 46. e6 d1Q 47. c6 Qe2+ 48. Kh3 Qxe6 49. c7 Qc8 50. Kg2 Qxc7 51. Kh3 Qc3 52. Kg2 Ke3 53. Kh3 Kxf3 54. Kh2 Qd2+ 55. Kh3 Qg2# 0-1

[Event "Titled Tuesday intern op 01st Aug Early"]
[Site "Chess.com INT"]
[Date "2023.08.01"]
[Round "2"]
[White "Ivana Maria, Furtado"]
[Black "Ionescu, Mihai"]
[Result "0-1"]
[WhiteElo "2072"]
[BlackElo "2245"]
[PlyCount "56"]
[EventDate "2023.08.01"]
[EventType "swiss (blitz)"]
[EventRounds "11"]
[EventCountry "USA"]
[SourceTitle "EXT 2024"]
[Source "ChessBase"]
[SourceDate "2023.10.10"]
[SourceVersion "1"]
[SourceVersionDate "2023.10.10"]
[SourceQuality "1"]

1. d4 Nf6 2. c4 b6 3. Nc3 Bb7 4. f3 e6 5. e4 Bb4 6. Bg5 h6 7. Bh4 Be7 8. Bd3 Nxe4 9. Bxe4 Bxh4+ 10. g3 Bxe4 11. Nxe4 Be7 12. Ne2 d5 13. N4c3 dxc4 14. Qa4+ Qd7 15. Qxc4 0-0 16. 0-0 Rd8 17. Rad1 Nc6 18. Ne4 Na5 19. Qd3 c5 20. dxc5 Qxd3 21. Rxd3 Rxd3 22. cxb6 axb6 23. Nf4 Rd4 24. a3 Rad8 25. b4 Nc4 26. Rc1 Rd1+ 27. Rxd1 Rxd1+ 28. Kg2 Nxa3 0-1

[Event "Titled Tuesday intern op 25th Jul Early"]
[Site "Chess.com INT"]
[Date "2023.07.25"]
[Round "9"]
[White "Ivana Maria, Furtado"]
[Black "Sriniaiyer, Sudarshan"]
[Result "0-1"]
[WhiteElo "2072"]
[BlackElo "2296"]
[PlyCount "42"]
[EventDate "2023.07.25"]
[EventType "swiss (blitz)"]
[EventRounds "11"]
[EventCountry "USA"]
[SourceTitle "EXT 2024"]
[Source "ChessBase"]
[SourceDate "2023.10.10"]
[SourceVersion "1"]
[SourceVersionDate "2023.10.10"]
[SourceQuality "1"]

1. d4 Nf6 2. c4 g6 3. Nc3 Bg7 4. e4 d6 5. f4 0-0 6. Nf3 c5 7. d5 e6 8. Be2 exd5 9. cxd5 a6 10. a4 Re8 11. e5 dxe5 12. fxe5 Ng4 13. e6 fxe6 14. d6 Nc6 15. Bg5 Qd7 16. h3 Nge5 17. Nxe5 Bxe5 18. Ne4 Rf8 19. Bh6 Rf7 20. Qd2 Nd4 21. 0-0-0 Nb3+ 0-1

[Event "Titled Tuesday intern op 25th Jul Early"]
[Site "Chess.com INT"]
[Date "2023.07.25"]
[Round "7"]
[White "Ivana Maria, Furtado"]
[Black "Topalov, Aleksandar"]
[Result "1/2-1/2"]
[WhiteElo "2072"]
[BlackElo "2233"]
[PlyCount "103"]
[EventDate "2023.07.25"]
[EventType "swiss (blitz)"]
[EventRounds "11"]
[EventCountry "USA"]
[SourceTitle "EXT 2024"]
[Source "ChessBase"]
[SourceDate "2023.10.10"]
[SourceVersion "1"]
[SourceVersionDate "2023.10.10"]
[SourceQuality "1"]

1. d4 f5 2. e4 fxe4 3. Nc3 Nf6 4. Bg5 g6 5. Bxf6 exf6 6. Nxe4 d5 7. Nc3 Bg7 8. Qf3 c6 9. Qe3+ Qe7 10. Qxe7+ Kxe7 11. 0-0-0 Bf5 12. f3 h5 13. Bd3 Bxd3 14. Rxd3 Nd7 15. Nh3 Kf7 16. Re1 Rae8 17. Rde3 Rxe3 18. Rxe3 Bh6 19. f4 Nb6 20. b3 Nc8 21. Kd1 Nd6 22. g3 Nf5 23. Rd3 Re8 24. Kd2 Bf8 25. Ne2 Bd6 26. Nf2 Bc7 27. Nd1 Ba5+ 28. c3 Nd6 29. Nf2 f5 30. Re3 Ne4+ 31. Nxe4 dxe4 32. b4 Bc7 33. h4 b5 34. Nc1 a5 35. a3 Ke6 36. Nb3 Kd5 37. Kc2 axb4 38. axb4 Ra8 39. Kb2 Bb6 40. Nd2 Ra4 41. Nb3 Ra7 42. Nd2 Ra6 43. Nb3 Ra4 44. Re2 Ra6 45. Re3 Ra7 46. Re2 Ra6 47. Re1 Ra7 48. Re3 Ra6 49. Re2 Ra7 50. Re3 Ra6 51. Re2 Ra7 52. Re3 1/2-1/2

[Event "Titled Tuesday intern op 25th Jul Early"]
[Site "Chess.com INT"]
[Date "2023.07.25"]
[Round "5"]
[White "Molina, Roberto Junio Brito"]
[Black "Ivana Maria, Furtado"]
[Result "1-0"]
[WhiteElo "2403"]
[BlackElo "2072"]
[PlyCount "77"]
[EventDate "2023.07.25"]
[EventType "swiss (blitz)"]
[EventRounds "11"]
[EventCountry "USA"]
[SourceTitle "EXT 2024"]
[Source "ChessBase"]
[SourceDate "2023.10.10"]
[SourceVersion "1"]
[SourceVersionDate "2023.10.10"]
[SourceQuality "1"]

1. d4 Nf6 2. Nf3 d5 3. e3 c5 4. c3 Nc6 5. Nbd2 Bg4 6. Qa4 Bxf3 7. Nxf3 Nd7 8. Bb5 Qc7 9. 0-0 e6 10. c4 dxc4 11. Qxc4 a6 12. Qa4 Rc8 13. Be2 Be7 14. Rd1 0-0 15. Bd2 Bf6 16. Rac1 Nb6 17. Qb3 cxd4 18. exd4 Nd5 19. g3 Rfd8 20. Be3 Qe7 21. a3 b5 22. Bd3 h6 23. Be4 Na5 24. Qd3 Nxe3 25. fxe3 Nc4 26. Qe2 Nd6 27. Bd3 Qb7 28. Bb1 Rxc1 29. Rxc1 Rc8 30. Rf1 Ne4 31. Qd3 Nd6 32. e4 Be7 33. e5 Nf5 34. g4 g6 35. gxf5 gxf5 36. d5 Kh7 37. d6 Rg8+ 38. Kh1 Bh4 39. Rg1 1-0

[Event "Titled Tuesday intern op 18th Jul Early"]
[Site "Chess.com INT"]
[Date "2023.07.18"]
[Round "4"]
[White "Ivana Maria, Furtado"]
[Black "Bazilius, Augustinas"]
[Result "0-1"]
[WhiteElo "2072"]
[BlackElo "2110"]
[PlyCount "63"]
[EventDate "2023.07.18"]
[EventType "swiss (blitz)"]
[EventRounds "11"]
[EventCountry "USA"]
[SourceTitle "EXT 2024"]
[Source "ChessBase"]
[SourceDate "2023.10.10"]
[SourceVersion "1"]
[SourceVersionDate "2023.10.10"]
[SourceQuality "1"]

1. d4 c5 2. d5 e6 3. c4 exd5 4. cxd5 Nf6 5. Nc3 d6 6. e4 g6 7. f4 Bg7 8. Bb5+ Bd7 9. a4 Qe7 10. Qe2 0-0 11. Nf3 Nxe4 12. Nxe4 Re8 13. Ng3 Qd8 14. Be3 Bd4 15. Nf1 Qf6 16. 0-0-0 a6 17. Bxd7 Nxd7 18. Qd2 b5 19. Bxd4 cxd4 20. Qxd4 Rac8+ 21. Kb1 Qf5+ 22. Qd3 Qxf4 23. g3 Qxa4 24. N1d2 Nc5 25. Qa3 Qg4 26. h3 Qf5+ 27. Ka1 a5 28. Nb3 Qxf3 29. Nxc5 Qxa3+ 30. bxa3 Rxc5 31. Rb1 Rxd5 32. Rhc1 0-1

[Event "Wch U20 Girls 36th"]
[Site "Manavgat"]
[Date "2018.09.15"]
[Round "11"]
[White "Ivana Maria, Furtado"]
[Black "Cramling Bellon, Anna"]
[Result "1/2-1/2"]
[WhiteElo "2144"]
[BlackElo "2009"]
[PlyCount "150"]
[EventDate "2018.09.05"]
[EventType "swiss"]
[EventRounds "11"]
[EventCountry "TUR"]
[SourceTitle "CBM 186 Extra"]
[Source "ChessBase"]
[SourceDate "2018.08.24"]
[SourceVersion "1"]
[SourceVersionDate "2018.08.24"]
[SourceQuality "1"]

1. d4 Nf6 2. Nf3 e6 3. c4 d5 4. g3 dxc4 5. Qa4+ Bd7 6. Qxc4 Bc6 7. Bg2 Nbd7 8. Nc3 a6 9. 0-0 Bd6 10. Qd3 b5 11. a3 0-0 12. Bg5 h6 13. Bf4 Qe7 14. e4 e5 15. Bd2 Rad8 16. d5 Bb7 17. Nh4 Nc5 18. Qc2 Bc8 19. b4 Nb7 20. Nd1 g5 21. Nf5 Bxf5 22. exf5 e4 23. Nc3 Be5 24. Rae1 Qd7 25. Nxe4 Qxf5 26. Nxf6+ Qxf6 27. f4 Bd4+ 28. Kh1 g4 29. Qxc7 Nd6 30. Qc2 Nc4 31. Bc1 Rfe8 32. Qd1 h5 33. Rxe8+ Rxe8 34. Re1 Rxe1+ 35. Qxe1 Kg7 36. h3 Qb6 37. Qe2 Qg6 38. Qe4 Qf6 39. hxg4 hxg4 40. f5 Kf8 41. Qxg4 Bf2 42. Kh2 Ne5 43. Qg5 Qh8+ 44. Qh6+ Qxh6+ 45. Bxh6+ Ke7 46. d6+ Kxd6 47. Bb7 Kc7 48. Bxa6 Ng4+ 49. Kg2 Nxh6 50. Kxf2 Kb6 51. Bc8 Kc7 52. Ba6 Kb6 53. Bxb5 Kxb5 54. Ke3 Nxf5+ 55. Kf4 Nd6 56. Ke5 Kc6 57. g4 Nc4+ 58. Kf6 Nxa3 59. Kxf7 Nc4 60. Ke6 Nd6 61. g5 Ne8 62. Kf7 Kd7 63. g6 Nd6+ 64. Kf6 Ne8+ 65. Kf7 Nd6+ 66. Kg7 Nf5+ 67. Kf6 Nd6 68. b5 Ne8+ 69. Kf7 Nd6+ 70. Kg7 Ke7 71. b6 Nf5+ 72. Kg8 Kd7 73. Kf7 Kc6 74. Kf6 Nh6 75. g7 Kxb6 1/2-1/2

[Event "Wch U20 Girls 36th"]
[Site "Manavgat"]
[Date "2018.09.14"]
[Round "10"]
[White "Nass, Sara"]
[Black "Ivana Maria, Furtado"]
[Result "1/2-1/2"]
[WhiteElo "1888"]
[BlackElo "2144"]
[PlyCount "62"]
[EventDate "2018.09.05"]
[EventType "swiss"]
[EventRounds "11"]
[EventCountry "TUR"]
[SourceTitle "CBM 186 Extra"]
[Source "ChessBase"]
[SourceDate "2018.08.24"]
[SourceVersion "1"]
[SourceVersionDate "2018.08.24"]
[SourceQuality "1"]

1. e4 e6 2. d4 b6 3. c4 Bb7 4. Nc3 d6 5. Nf3 Nd7 6. Bd3 g6 7. 0-0 Bg7 8. Be3 Ne7 9. Qd2 h6 10. Rfe1 g5 11. h3 Ng6 12. Rad1 0-0 13. d5 e5 14. Ne2 Nf4 15. Ng3 Bc8 16. b4 Nf6 17. c5 N6h5 18. Nxh5 Nxh5 19. cxd6 cxd6 20. Rc1 Nf4 21. Nh2 f5 22. f3 Nxd3 23. Qxd3 f4 24. Bf2 Bd7 25. Rc3 Rc8 26. Rec1 Rxc3 27. Qxc3 Qe7 28. Qd3 Rc8 29. Rxc8+ Bxc8 30. Qc4 Qb7 31. Nf1 Bd7 1/2-1/2

[Event "Abu Dhabi op 25th"]
[Site "Abu Dhabi"]
[Date "2018.08.09"]
[Round "3"]
[White "Tokhirjonova, Gulruhbegim"]
[Black "Ivana Maria, Furtado"]
[Result "1/2-1/2"]
[WhiteElo "2350"]
[BlackElo "2146"]
[PlyCount "46"]
[EventDate "2018.08.07"]
[EventType "swiss"]
[EventRounds "9"]
[EventCountry "UAE"]
[SourceTitle "CBM 185 Extra"]
[Source "ChessBase"]
[SourceDate "2018.07.29"]
[SourceVersion "1"]
[SourceVersionDate "2018.07.29"]
[SourceQuality "1"]

1. e4 c6 2. d4 d5 3. e5 Bf5 4. h4 h6 5. g4 Bd7 6. Bd3 c5 7. dxc5 e6 8. Be3 Qc7 9. Nf3 Bxc5 10. Qe2 Ne7 11. Nc3 a6 12. 0-0-0 Bxe3+ 13. Qxe3 Nbc6 14. Ne2 Nb4 15. Kb1 0-0-0 16. Nfd4 Nec6 17. f4 Kb8 18. a3 Nxd3 19. cxd3 Nxd4 20. Nxd4 Qb6 21. h5 Rc8 22. g5 Ba4 23. Rdg1 Rc2 1/2-1/2

[Event "Asia-ch U20 Girls"]
[Site "Shiraz"]
[Date "2017.05.07"]
[Round "6"]
[White "Bidhar, Rutumbara"]
[Black "Ivana Maria, Furtado"]
[Result "1/2-1/2"]
[WhiteElo "1964"]
[BlackElo "2132"]
[PlyCount "34"]
[EventDate "2017.05.03"]
[EventType "swiss"]
[EventRounds "9"]
[EventCountry "IRI"]
[SourceTitle "CBM 178 Extra"]
[Source "ChessBase"]
[SourceDate "2017.06.22"]
[SourceVersion "1"]
[SourceVersionDate "2017.06.22"]
[SourceQuality "1"]

1. d4 d5 2. c4 Nc6 3. e3 Nf6 4. cxd5 Nxd5 5. Nc3 g6 6. e4 Nxc3 7. bxc3 Bg7 8. Be3 0-0 9. Rc1 e5 10. d5 Nb8 11. Bd3 c6 12. c4 b5 13. dxc6 Nxc6 14. cxb5 Nd4 15. Ne2 a6 16. a4 axb5 17. axb5 Ra3 1/2-1/2

[Event "Asia-ch U20 Girls"]
[Site "Shiraz"]
[Date "2017.05.05"]
[Round "4"]
[White "Meghna, CH."]
[Black "Ivana Maria, Furtado"]
[Result "1/2-1/2"]
[WhiteElo "1915"]
[BlackElo "2132"]
[PlyCount "42"]
[EventDate "2017.05.03"]
[EventType "swiss"]
[EventRounds "9"]
[EventCountry "IRI"]
[SourceTitle "CBM 178 Extra"]
[Source "ChessBase"]
[SourceDate "2017.06.22"]
[SourceVersion "1"]
[SourceVersionDate "2017.06.22"]
[SourceQuality "1"]

1. e4 d5 2. exd5 Nf6 3. d4 Nxd5 4. c4 Nf6 5. Nf3 g6 6. Nc3 Bg7 7. h3 c5 8. d5 0-0 9. Bd3 a6 10. a4 e6 11. Bg5 exd5 12. cxd5 h6 13. Bh4 Re8+ 14. Kf1 Qb6 15. Qc2 c4 16. Bxc4 Bf5 17. Qb3 Nbd7 18. Qxb6 Nxb6 19. Bb3 g5 20. Bg3 Ne4 21. Bc7 Nd7 1/2-1/2

[Event "Asia-ch U20 Girls"]
[Site "Shiraz"]
[Date "2017.05.04"]
[Round "3"]
[White "Ivana Maria, Furtado"]
[Black "Hashemi, Seyede Fatemeh"]
[Result "1-0"]
[WhiteElo "2132"]
[BlackElo "1837"]
[PlyCount "87"]
[EventDate "2017.05.03"]
[EventType "swiss"]
[EventRounds "9"]
[EventCountry "IRI"]
[SourceTitle "CBM 178 Extra"]
[Source "ChessBase"]
[SourceDate "2017.06.22"]
[SourceVersion "1"]
[SourceVersionDate "2017.06.22"]
[SourceQuality "1"]

1. d4 Nf6 2. Bg5 g6 3. Nc3 Bg7 4. e4 d6 5. Qd2 0-0 6. 0-0-0 c6 7. h4 h5 8. f3 b5 9. g4 Qa5 10. Bxf6 exf6 11. gxh5 gxh5 12. Nh3 b4 13. Nb1 Kh8 14. a3 c5 15. Bc4 Nc6 16. Bd5 Bb7 17. Bxc6 Bxc6 18. Rhg1 Rg8 19. dxc5 dxc5 20. Qf4 c4 21. axb4 Qxb4 22. Qf5 Qb5 23. Qxb5 Bxb5 24. Na3 Ba6 25. Rd5 Bh6+ 26. Kb1 Rxg1+ 27. Nxg1 Rg8 28. Ne2 Rg2 29. Nc3 Kg7 30. Rxh5 Rf2 31. Ra5 Bc8 32. Nxc4 Be6 33. Nd5 Rxf3 34. Nd6 Rh3 35. c4 Rxh4 36. Rxa7 Rh1+ 37. Ka2 Bd2 38. Ne8+ Kg6 39. Nexf6 Re1 40. Ra8 Bxd5 41. Nxd5 Rxe4 42. c5 Rc4 43. c6 Kf5 44. c7 1-0

[Event "Asia-ch U20 Girls Rapid"]
[Site "Shiraz"]
[Date "2017.05.02"]
[Round "3.3"]
[White "Ivana Maria, Furtado"]
[Black "Bidhar, Rutumbara"]
[Result "1-0"]
[WhiteElo "2108"]
[BlackElo "1741"]
[PlyCount "101"]
[EventDate "2017.05.02"]
[EventType "swiss (rapid)"]
[EventRounds "7"]
[EventCountry "IRI"]
[SourceTitle "EXT 2024"]
[Source "ChessBase"]
[SourceDate "2023.10.10"]
[SourceVersion "1"]
[SourceVersionDate "2023.10.10"]
[SourceQuality "1"]

1. Nf3 d5 2. d4 Nf6 3. c4 g6 4. g3 Bg7 5. Bg2 0-0 6. 0-0 c5 7. dxc5 dxc4 8. Qc2 Qc7 9. Qxc4 Be6 10. Qc2 Bf5 11. Qb3 Be6 12. Qa3 Rc8 13. Be3 Nd5 14. Bd4 Bxd4 15. Nxd4 Qxc5 16. Qxc5 Rxc5 17. Nxe6 fxe6 18. Nc3 Na6 19. Nxd5 exd5 20. Rac1 Rd8 21. Rxc5 Nxc5 22. Rc1 Na6 23. a3 e6 24. e3 Kf7 25. Bf1 Nb8 26. Rc7+ Rd7 27. Rc8 Na6 28. Bxa6 bxa6 29. b4 Ke7 30. Kf1 e5 31. Ke2 Kd6 32. f4 d4 33. exd4 exd4 34. Kd3 Kd5 35. Rc5+ Kd6 36. Kxd4 Ke7+ 37. Ke5 Rd3 38. Rc7+ Kd8 39. Rxh7 Rxa3 40. Rxa7 Ra2 41. h4 Rg2 42. Rxa6 Rxg3 43. b5 Rg4 44. Rd6+ Kc7 45. Rc6+ Kb7 46. Rf6 Kb8 47. b6 Kb7 48. Rd6 Rxh4 49. Rxg6 Rh1 50. Rd6 Re1+ 51. Kf5 1-0

[Event "Ho Chi Minh City HD Bank op 7th"]
[Site "Ho Chi Minh City"]
[Date "2017.03.16"]
[Round "7"]
[White "Ivana Maria, Furtado"]
[Black "Chan, Kim Yew"]
[Result "0-1"]
[WhiteElo "2150"]
[BlackElo "2176"]
[PlyCount "43"]
[EventDate "2017.03.12"]
[EventType "swiss"]
[EventRounds "9"]
[EventCountry "VIE"]
[SourceTitle "CBM 177 Extra"]
[Source "ChessBase"]
[SourceDate "2017.04.27"]
[SourceVersion "1"]
[SourceVersionDate "2017.04.27"]
[SourceQuality "1"]

1. Nf3 g6 2. d4 Bg7 3. Nc3 d5 4. e4 dxe4 5. Nxe4 Bg4 6. c3 Nf6 7. Nxf6+ Bxf6 8. h3 Bf5 9. Bh6 Qd5 10. Be2 Nc6 11. Qb3 0-0-0 12. Qxd5 Rxd5 13. 0-0 e5 14. g4 Be6 15. g5 Be7 16. Bc4 Rdd8 17. Bxe6+ fxe6 18. Bg7 Rhg8 19. Bxe5 Nxe5 20. dxe5 Rgf8 21. Kg2 Rf5 22. h4 0-1

[Event "Ho Chi Minh City HD Bank op 7th"]
[Site "Ho Chi Minh City"]
[Date "2017.03.14"]
[Round "5"]
[White "Nguyen, Thi Thanh An"]
[Black "Ivana Maria, Furtado"]
[Result "1-0"]
[WhiteElo "2283"]
[BlackElo "2150"]
[PlyCount "69"]
[EventDate "2017.03.12"]
[EventType "swiss"]
[EventRounds "9"]
[EventCountry "VIE"]
[SourceTitle "CBM 177 Extra"]
[Source "ChessBase"]
[SourceDate "2017.04.27"]
[SourceVersion "1"]
[SourceVersionDate "2017.04.27"]
[SourceQuality "1"]

1. d4 Nf6 2. c4 e6 3. Nc3 Bb4 4. Qc2 c5 5. dxc5 Na6 6. a3 Bxc3+ 7. Qxc3 Nxc5 8. b4 Na4 9. Qc2 b5 10. cxb5 Nb6 11. e4 Bb7 12. Bd3 Rc8 13. Qe2 Na4 14. f3 d5 15. e5 Nd7 16. f4 Nc3 17. Qf2 Nb6 18. Nf3 Ne4 19. Qe2 0-0 20. 0-0 Ra8 21. Be3 Na4 22. Rac1 Qe7 23. Rc2 Nb6 24. Rfc1 Rfc8 25. Rc5 Rab8 26. Ng5 Nxc5 27. bxc5 Nc4 28. Bxh7+ Kf8 29. Bd3 Nxe3 30. Qxe3 a6 31. a4 axb5 32. axb5 Rc7 33. Qh3 Ke8 34. c6 Bxc6 35. bxc6 1-0

[Event "Ho Chi Minh City HD Bank op 7th"]
[Site "Ho Chi Minh City"]
[Date "2017.03.12"]
[Round "2"]
[White "Ivana Maria, Furtado"]
[Black "Dang, Hoang Son"]
[Result "1/2-1/2"]
[WhiteElo "2150"]
[BlackElo "2356"]
[PlyCount "117"]
[EventDate "2017.03.12"]
[EventType "swiss"]
[EventRounds "9"]
[EventCountry "VIE"]
[SourceTitle "CBM 177 Extra"]
[Source "ChessBase"]
[SourceDate "2017.04.27"]
[SourceVersion "1"]
[SourceVersionDate "2017.04.27"]
[SourceQuality "1"]

1. d4 Nf6 2. Nf3 d5 3. c4 c6 4. e3 a6 5. Nc3 b5 6. cxd5 cxd5 7. Bd3 Bg4 8. h3 Bh5 9. g4 Bg6 10. Ne5 e6 11. Be2 Bd6 12. h4 b4 13. h5 bxc3 14. hxg6 Bxe5 15. dxe5 Ne4 16. Qa4+ Nd7 17. f3 Ng3 18. Qf4 Qb6 19. gxf7+ Kf8 20. Qxg3 cxb2 21. Bxb2 Qxb2 22. Kf2 d4 23. exd4 Qxd4+ 24. Kg2 Qxe5 25. Qxe5 Nxe5 26. Rac1 g5 27. Rc5 Nxf7 28. Rc6 Kg7 29. Rxe6 a5 30. Bd3 Rad8 31. Bb1 Rd6 32. Rxd6 Nxd6 33. Rd1 Nc4 34. Rd7+ Kf6 35. Bd3 Ne5 36. Rxh7 Rd8 37. Bf5 Nf7 38. Kg3 Rd2 39. Rh2 Rxh2 40. Kxh2 Nd6 41. Bd7 Ke5 42. Kg3 Nc4 43. a4 Nb2 44. Bb5 Nd1 45. Bc6 Nc3 46. Be8 Kd4 47. Kf2 Nd5 48. Bc6 Nf4 49. Be4 Ne6 50. Bc6 Kd3 51. Bb5+ Kd2 52. Bd7 Nf4 53. Bb5 Ng6 54. Be8 Nf4 55. Bb5 Nd5 56. Bc6 Nf4 57. Bb5 Ne6 58. Bd7 Nc5 59. Bb5 1/2-1/2

[Event "IND-ch U17 Girls"]
[Site "Kolkata"]
[Date "2016.09.12"]
[Round "6"]
[White "Ivana Maria, Furtado"]
[Black "Isha, Sharma"]
[Result "1-0"]
[WhiteElo "2102"]
[BlackElo "1901"]
[PlyCount "53"]
[EventDate "2016.09.09"]
[EventType "swiss"]
[EventRounds "11"]
[EventCountry "IND"]
[SourceTitle "CBM 174 Extra"]
[Source "ChessBase"]
[SourceDate "2016.10.10"]
[SourceVersion "1"]
[SourceVersionDate "2016.10.10"]
[SourceQuality "1"]

1. d4 d5 2. c4 e6 3. Nc3 Nf6 4. Bg5 Be7 5. e3 0-0 6. Qc2 h6 7. Bh4 Nbd7 8. cxd5 Nxd5 9. Nxd5 Bxh4 10. Nxc7 Rb8 11. Nb5 a6 12. Nc3 b5 13. Nf3 Be7 14. Be2 Bb7 15. 0-0 f5 16. Qb3 Rf6 17. Rfd1 Kh8 18. Rac1 Nb6 19. Ne5 Nd5 20. Bh5 Bd6 21. Nxd5 Bxd5 22. Qc2 g6 23. Bf3 Bxf3 24. gxf3 Qe8 25. Qc6 Bxe5 26. dxe5 Rf7 27. Rd6 1-0

[Event "IND-ch U17 Girls"]
[Site "Kolkata"]
[Date "2016.09.10"]
[Round "2"]
[White "Ivana Maria, Furtado"]
[Black "Bommini, Mounika Akshaya"]
[Result "0-1"]
[WhiteElo "2102"]
[BlackElo "1733"]
[PlyCount "84"]
[EventDate "2016.09.09"]
[EventType "swiss"]
[EventRounds "11"]
[EventCountry "IND"]
[SourceTitle "CBM 174 Extra"]
[Source "ChessBase"]
[SourceDate "2016.10.10"]
[SourceVersion "1"]
[SourceVersionDate "2016.10.10"]
[SourceQuality "1"]

1. d4 Nf6 2. Nc3 d5 3. Bf4 Bf5 4. f3 e6 5. g4 Bg6 6. Qd2 c6 7. h4 h6 8. h5 Bh7 9. g5 hxg5 10. Bxg5 Qc7 11. 0-0-0 Nbd7 12. Bg2 Nb6 13. e4 Nc4 14. Qe1 Qa5 15. Bf1 Bg6 16. h6 Ng8 17. exd5 Nb6 18. h7 Bxh7 19. Bd3 Nxd5 20. Qe5 Ngf6 21. Nxd5 Nxd5 22. Rxh7 Rxh7 23. Bxh7 Qxa2 24. Bg6 Nb6 25. Bd3 f6 26. Bxf6 gxf6 27. Qxf6 Kd7 28. d5 cxd5 29. Bb5+ Kd6 30. Qf4+ e5 31. Qf6+ Kc5 32. Bd3 Qa1+ 33. Kd2 Qxb2 34. Qf7 Bd6 35. Ne2 Rf8 36. Qh5 Qb4+ 37. Ke3 Nc4+ 38. Kf2 Nb2 39. Rc1 e4 40. Kg2 exf3+ 41. Kh1 fxe2 42. Bxe2 Qe4+ 0-1

[Event "Barcelona Sant Marti op-A 18th"]
[Site "Barcelona"]
[Date "2016.07.16"]
[Round "4"]
[White "Ivana Maria, Furtado"]
[Black "Perpinya Rofes, Lluis Maria"]
[Result "0-1"]
[WhiteElo "2188"]
[BlackElo "2373"]
[PlyCount "80"]
[EventDate "2016.07.13"]
[EventType "swiss"]
[EventRounds "9"]
[EventCountry "ESP"]
[SourceTitle "CBM 173 Extra"]
[Source "ChessBase"]
[SourceDate "2016.08.29"]
[SourceVersion "1"]
[SourceVersionDate "2016.08.29"]
[SourceQuality "1"]

1. d4 c5 2. d5 g6 3. e4 Bg7 4. f4 d6 5. Nf3 Nf6 6. Nc3 0-0 7. h3 e6 8. dxe6 Bxe6 9. Be3 Nc6 10. Be2 d5 11. Bxc5 Nxe4 12. Nxe4 dxe4 13. Bxf8 Qxf8 14. Ng5 Bxb2 15. 0-0 Rd8 16. Qb1 Bxa1 17. Qxa1 Nd4 18. Bd1 e3 19. Re1 e2 20. Bxe2 Nxc2 21. Qe5 Nxe1 22. Nxe6 fxe6 23. Bg4 Qg7 24. Qxe6+ Qf7 25. Qxe1 Qxf4 26. Qe7 Rf8 27. Qxb7 Qd4+ 28. Kh2 Qd6+ 29. Kg1 Qb6+ 30. Qxb6 axb6 31. Bf3 Rf5 32. Kf1 Kf8 33. Ke2 Ra5 34. Kd3 Rxa2 35. Kc4 Rb2 36. Kc3 Rf2 37. Kc4 Ke7 38. Kb5 Rxf3 39. gxf3 Kd6 40. Kxb6 Ke5 0-1